Social Lives of Medicines : (Record no. 612308)

MARC details
000 -LEADER
fixed length control field 00512nam a2200193 a 4500
008 - FIXED-LENGTH DATA ELEMENTS--GENERAL INFORMATION
fixed length control field 260212s2002##################000#0#eng##
020 ## - INTERNATIONAL STANDARD BOOK NUMBER
ISBN 9780521804691
082 04 - DEWEY DECIMAL CLASSIFICATION NUMBER
Classification number 306.461
Item number WHY
100 1# - MAIN ENTRY--AUTHOR NAME
Personal name Whyte, Susan Reynolds,
245 10 - TITLE STATEMENT
Title Social Lives of Medicines :
260 ## - PUBLICATION, DISTRIBUTION, ETC. (IMPRINT)
Name of publisher Cambridge University Press,
Year of publication 2002.
300 ## - PHYSICAL DESCRIPTION
Number of Pages 212 pages
650 #0 - SUBJECT ADDED ENTRY--TOPICAL TERM
Topical Term Medical.
942 ## - ADDED ENTRY ELEMENTS (KOHA)
Koha item type English Books

No items available.

Find us on the map